Wie gut kennst du Deutschland? - Statistiken

Allgemein
  • Dieses Quiz wurde 1.370 mal gespielt
  • Das Durchschnittsergebnis liegt bei 14 aus 15
Antwortstatistiken
Frage Antwort % Korrekt
Wie viele Bundesländer hat Deutschland? 16
100%
Wie oft gewann Deutschland den Eurovision Songcontest? 2
97%
Wie oft gewann Deutschland die Fußball-Weltmeisterschaft? 4
97%
Wo steht das Reichstagsgebäude? Berlin
97%
Ab welchem Alter ist man in Deutschland nicht mehr Schulpflichtig? 18
96%
Welches Tier ist auf dem Bundeswappen vom Deutschland zu sehen? Adler
96%
In welcher deutschen Stadt kann man die Reeperbahn finden? Hamburg
96%
Wie heißt das Fest, was jährlich in Bayern stattfindet? Oktoberfest
96%
Wer ist der deutsche Bundeskanzler? Olaf Scholz
95%
Von welcher Partei war dieser? CDU
94%
Was ist das größte Bundesland Deutschlands? (Nach Einwohner) Nordrhein-Westfalen
94%
Was bedeutet DDR? Deutsche Demokratische Republik
88%
Mit welchen drei Nomen beginnt die deutsche Nationalhymne? Einigkeit, Recht, Freiheit
88%
Wie hieß der erste Bundeskanzler? Konrad Adenauer
83%
Wo ist Albert Einstein geboren? Ulm
37%
Keine übereinstimmenden Quizze gefunden
Verteilung der Resultate
Anzahl Personen mit jedem Resultat
Perzentil nach korrekt beantworteten Fragen
Ihre Resultats-Entwicklung
Sie haben dieses Quiz noch nicht gespielt